000 00773nam a22001697a 4500
008 100811s1966 xxu||||| |||| 00| 0 ara d
082 _222
_a674
_bب ا ي
100 1 _917464
_aبايندر ، ليونارد
245 _aالثورة العقائدية :
_bفي الشرق الأوسط /
_cليونارد بايندر ؛ تعريب خيرى حماد
260 _aالقاهرة :
_bدار القلم ،
_c1966.
300 _a414 ص ؛
_c24 سم.
541 _aألف باء ؛
_cشراء ؛
650 _917466
_aالشرق الاوسط
_xعقائد
700 _917465
_aحماد ، خيرى
_eتعريب وتعليق
942 _2ddc
_cBB
999 _c14656
_d14656